Detalles MARC
| 000 -CABECERA |
| campo de control de longitud fija |
04154nam a2200349 i 4500 |
| 001 - NÚMERO DE CONTROL |
| campo de control |
000027026 |
| 003 - IDENTIFICADOR DEL NÚMERO DE CONTROL |
| campo de control |
DO-SdBNP |
| 005 - FECHA Y HORA DE LA ÚLTIMA TRANSACCIÓN |
| campo de control |
20240913141919.0 |
| 007 - CAMPO FIJO DE DESCRIPCIÓN FÍSICA--INFORMACIÓN GENERAL |
| campo de control de longitud fija |
ta |
| 008 - DATOS DE LONGITUD FIJA--INFORMACIÓN GENERAL |
| campo de control de longitud fija |
110329s1973 dr ac 000 0 spa d |
| 040 ## - FUENTE DE LA CATALOGACIÓN |
| Centro catalogador/agencia de origen |
DO-SdBNP |
| Lengua de catalogación |
spa |
| Centro/agencia transcriptor |
BNPHU |
| Normas de descripción |
rda |
| 082 #4 - NÚMERO DE LA CLASIFICACIÓN DECIMAL DEWEY |
| Número de clasificación |
972.9305 |
| Número de documento/Ítem |
D637h 1973 |
| Número de edición |
22 |
| 245 00 - MENCIÓN DE TÍTULO |
| Título |
Documentos históricos que se refieren a la intervención armada de los Estados Unidos de Norte-América y la implantación de un gobierno militar americano en la República Dominicana / |
| Mención de responsabilidad, etc. |
recopilado por Antonio Hoepelman y Juan A. Senior. |
| 250 ## - MENCIÓN DE EDICIÓN |
| Mención de edición |
2a. ed. |
| 264 ## - PRODUCCIÓN, PUBLICACIÓN, DISTRIBUCIÓN, FABRICACIÓN Y COPYRIGHT |
| Producción, publicación, distribución, fabricación y copyright |
Santo Domingo : |
| Nombre del de productor, editor, distribuidor, fabricante |
Librería Dominicana, |
| Fecha de producción, publicación, distribución, fabricación o copyright |
1973. |
| 300 ## - DESCRIPCIÓN FÍSICA |
| Extensión |
374 páginas : |
| Otras características físicas |
ilustraciones y retratos ; |
| Dimensiones |
21 cm. |
| 336 ## - TIPO DE CONTENIDO |
| Fuente |
rdacontent |
| Término de tipo de contenido |
texto |
| Código de tipo de contenido |
txt |
| 337 ## - TIPO DE MEDIO |
| Fuente |
rdamedia |
| Nombre/término del tipo de medio |
sin mediación |
| Código del tipo de medio |
n |
| 338 ## - TIPO DE SOPORTE |
| Fuente |
rdacarrier |
| Nombre/término del tipo de soporte |
volumen |
| Código del tipo de soporte |
nc |
| 490 0# - MENCIÓN DE SERIE |
| Mención de serie |
Pensamiento dominicano ; |
| Designación de volumen o secuencia |
1 |
| 505 ## - NOTA DE CONTENIDO CON FORMATO |
| Nota de contenido con formato |
Títulos,5.-- Introducción,7.-- Palabras preliminares,9.-- Datos biográficos de Monseñor Adolfo A. Nouel,13.-- Carta de monseñor Nouel al ministro americano Russell,17.-- Datos biográficos del licdo. Jacinto R. de Castro,20.-- La junta consultiva ante la comisión senatorial,24.-- Datos biográficos de don Federico Velázquez H.,26.-- Senador Attlee Pomerene,30.-- Senador Joseph Medill Mc Cormick,35.-- Senador Aristieus Andrieus Jones,36.-- Senador Tasker Lowndes Oddie,39.-- George Russell Leonard, taquígrafo,40.-- La comisión senatorial inicia sus labores,41.-- Licdo. Francisco J. Peynado,45.-- Extracto de las declaraciones del lic. Francisco J. Peynado,47.-- Dr. Moisés García Mella,60.-- Declaraciones del dr. Moisés García Mella,63.-- Opinión del dr. Moisés García Mella,82.-- Licdo. Pedro A. Pérez, 84.-- El lic. Pedro A. Pérez ante la comisión senatorial,88.-- Licdo. Enrique Henríquez, 100.-- Importantes declaraciones del Lic. Enrique Henríquez, 104.-- Licdo. Arturo Logroño,114.-- El licdo. Logroño ante la comisión,117.-- Don José Manuel Jimenes,140.-- Declaraciones de don José Manuel Jimenes,143.-- Don Pedro A. Ricart,151.-- Palabras del presidente de la cámara de comercio,152.-- El dr. Coradín frente a la comisión senatorial,154.--Pedro Hernández Rivera ante la comisión,158.-- Otra vez el doctor Coradín ante la comisión,164.-- Licdo. Manuel de J. González Marrero,173.-- Declaraciones del sr. Luis Batista,174.-- Don Rafael Isaac Pou,185.-- El sr. Rafael Isaac Pou ante la comisión senatorial,186.-- Licdo. Rafael Justino Castillo,203.-- Sensacionales declaraciones del sr. Fco. A. Cordero,204.-- Declaraciones del sr. Jesús Ma. Vásquez,208.-- Declaraciones del sr. Emilio Suárez,219.-- Don Jesús Cobian Arango,230.-- Declaraciones del sr. Doroteo A. Regalado,234.-- Hon. Horace Greeley Knowles,240.-- Declaraciones de Knowles ante la comisión de senadores,243.-- Manifestación de protesta del pueblo dominicano,251.-- Don Julio F. Peynado,255.-- Palabras pronunciadas por el prof. Julio F. Peynado,257.-- Palabras del senador Mc Cormick,260.-- Palabras del senador Pomerene,261.-- Informe del licdo. Francisco J. Peynado,263.-- Dr. Francisco Henríquez y Carvajal,294.-- General Horacio Vásquez,300.-- Licdo. Enrique Jimenez,306.-- Compromiso solemne de Puerto Plata,312.-- Licdo. Cayetano Armando Rodríguez,319.-- Consultor jurídico de la S. de E. de justicia etc.,321.-- Carta de la Hon. Cámara de Cuentas de la República,326.-- Se hace conocer uno de los tentáculos etc,328.-- Resumen de las actuaciones de la cancillería dominicana,330.-- Página final,372. |
| 533 ## - NOTA DE REPRODUCCIÓN |
| Tipo de reproducción |
Facsímil: |
| Lugar de la reproducción |
Santo Domingo : |
| Institución responsable de la reproducción |
Imprenta de J.R. Vda Garcia |
| Fecha de la reproducción |
1922. |
| 590 ## - NOTA LOCAL (RLIN) |
| Nota local |
Inventariado, 2020/MF |
| 650 #4 - PUNTO DE ACCESO ADICIONAL DE MATERIA--TÉRMINO DE MATERIA |
| Término de materia o nombre geográfico como elemento de entrada |
Estados unidos |
| Subdivisión general |
Relaciones exteriores |
| Subdivisión geográfica |
República Dominicana |
| 9 (RLIN) |
44925 |
| 651 #0 - PUNTO DE ACCESO ADICIONAL DE MATERIA--NOMBRE GEOGRÁFICO |
| Nombre geográfico |
República Dominicana -- |
| Subdivisión general |
Historia -- |
| Subdivisión cronológica |
Ocupación norteamericana, 1916-1924 |
| 9 (RLIN) |
1926 |
| 651 #4 - PUNTO DE ACCESO ADICIONAL DE MATERIA--NOMBRE GEOGRÁFICO |
| Nombre geográfico |
Estados Unidos |
| Subdivisión general |
Relaciones exteriores |
| Subdivisión geográfica |
República Dominicana |
| 9 (RLIN) |
6309 |
| 651 #4 - PUNTO DE ACCESO ADICIONAL DE MATERIA--NOMBRE GEOGRÁFICO |
| Nombre geográfico |
República Dominicana |
| Subdivisión general |
Relaciones Exteriores |
| Subdivisión geográfica |
Estados Unidos |
| 9 (RLIN) |
6308 |
| 700 1# - PUNTO DE ACCESO ADICIONAL--NOMBRE DE PERSONA |
| Nombre de persona |
Hoepelman, Antonio, |
| Término indicativo de función/relación |
compilador |
| 9 (RLIN) |
35971 |
| 700 1# - PUNTO DE ACCESO ADICIONAL--NOMBRE DE PERSONA |
| Nombre de persona |
Senior, Juan A., |
| Término indicativo de función/relación |
compilador |
| 9 (RLIN) |
54125 |
| 910 ## - DATOS DE OPCIÓN DEL USUARIO (OCLC) |
| Datos de opción del usuario |
Validado. Control de calidad EMS. |
| 942 ## - ELEMENTOS DE PUNTO DE ACCESO ADICIONAL (KOHA) |
| Fuente del sistema de clasificación o colocación |
Dewey Decimal Classification |
| Tipo de ítem Koha |
Libro |